000 00485nam a22001697a 4500
005 20251108164214.0
008 250721s1993 xx 000 0 ara d
082 1 4 _a215.7/عبد
100 1 _aشرف، عبد العزيز
245 1 0 _aأباطيل البهائية و برتوكولات صهيون /
264 1 _aبيروت :
_bدار الجيل،
_c1993.
300 _a206ص.
650 1 7 _aالبهائية
650 1 7 _aالصهيونية
942 _2ddc
_cBK
999 _c6312
_d6312